A quel genre musical appartient ce sous-genre ? - Click Quiz - Statistiques

Statistiques générales
  • Ce quiz a été pris 306 fois
  • Le résultat moyen est 12 sur 25
Statistiques - réponses
Hint Réponse % Correct
Heavy metal Rock / Metal
86%
Gangsta Rap Hip Hop
84%
Rap East Coast Hip Hop
79%
Flamenco Traditionnelle
77%
Rockabilly Rock / Metal
74%
House Electro
71%
Synthwave Electro
69%
Grunge Rock / Metal
64%
Rumba Traditionnelle
64%
Raï Traditionnelle
59%
Nashville sound Country
58%
Drill Hip Hop
58%
Swing Jazz
58%
Ambient Electro
43%
Glam Rock / Metal
38%
Drum and bass Electro
36%
Bluegrass Country
31%
Bebop Jazz
31%
Klezmer Traditionnelle
30%
Manouche Jazz
26%
Fusion Jazz
25%
Honky tonk Country
22%
Dirty South Hip Hop
19%
Dixieland Jazz
16%
Djent Rock / Metal
12%
Aucun quiz correspondant
Distribution des résultats
% des personnes avec chaque résultat
Percentile par nombre de réponses
Votre historique - résultats
Vous n’avez pas pris ce quiz